Ulusal kalkınma ve toplumsal adalet düşüncesinin evrimi (Record no. 7880)

MARC details
000 -BAŞLIK
Sabit Uzunlukta Kontrol Alanı 00975na a2200289 4500
001 - KONTROL NUMARASI
Denetim Alanı 20910
003 - KONTROL NUMARASI IDENTIFIER
Denetim Alanı MIRAKIL
005 - SON İŞLEM TARİHİ VE ZAMANI
Denetim Alanı 20181213155152.0
008 - SABİT-BOY VERİ ELEMANLARI - GENEL BİLGİLER
Sabit Uzunlukta Kontrol Alanı 170127b tu 000 0
035 ## - SİSTEM KONTROL NUMARASI
Sistem Kontrol Numarası 20910
040 ## - KATALOGLAMA KAYNAK
Orijinal Kataloglama Ajansı Milas
Kataloglama Dili tur
Metne Dönüştürmek Ajansı TR-AnCHP
041 ## - DİL KODU
Metin / Ses Parça Veya Ayrı Başlığın Dil Kodu tur
082 ## - DEWEY ONLU SINIFLANDIRMA NUMARASI
Sınıflandırma Numarası CHP 320.09
Ürün Numarası P53u 1997
090 ## - SINIFLAMA NUMARASI
Sınıflama Numarası CHP 320.09 P53u 1997
111 ## - ANA GİRİŞ - TOPLANTI ADI
Giriş Elemanı Olarak Toplantı Adı Veya Yargı Alanı Adı Parti İçi Eğitim Semineri
Toplantının Yeri Ankara
Toplantı Veya Antlaşma İmzalandığı Tarihi 22 Haziran 1997
Bölüm / Bölüm / Toplantı Sayısı 2.
245 ## - BAŞLIK TABLOSU
Başlık Ulusal kalkınma ve toplumsal adalet düşüncesinin evrimi
Sorumluluk Tablosu, Vb [düzenleyen] Cumhuriyet Halk Partisi
260 ## - YAYIN, DAĞITIM, VB
Yayın, Dağıtım, Vb Yeri Ankara
Yayıncı, Dağıtıcı, Vs Adı CHP
Yayın, Dağıtım, Vb Tarihi 1997
300 ## - FİZİKSEL TANIM
Kapsam 88 s.
Boyutlar 27 sm.
440 ## - SERİSİ TABLOSU / KATMA GİRİŞİ - BAŞLIK
Başlık Cumhuriyet Halk Partisi yayınları
490 ## - SERİSİ TABLOSU
Seri Beyanı Parti İçi Eğitim Semineri
Hacim / Ardışık Tanımı 2
610 ## - KONU KATMA GİRİŞ - TOPLANTI ADI
Giriş Elemanı Olarak Kurumsal Ad Veya Yargı Alanı Adı Siyasal düşünceler
Genel Alt Bölüm Tarih
Kronolojik Alt Bölüm Konferanslar ve seminerler
610 ## - KONU KATMA GİRİŞ - TOPLANTI ADI
Giriş Elemanı Olarak Kurumsal Ad Veya Yargı Alanı Adı Cumhuriyet Halk Partisi (CHP)
Genel Alt Bölüm Parti içi eğitim
Kronolojik Alt Bölüm Konferanslar ve seminerler
650 ## - KONU KATMA GİRİŞ - TOPİKAL DÖNEM
Topikal Süreli Veya Coğrafi Ad Giriş Elemanı Siyasal bilimler
942 ## - EKLENDİ GİRİŞ ELEMANLARI (KOHA)
Sınıflandırma Veya Raf Düzeni Kaynak Dewey Decimal Classification
Koha Öğesi Türü Books
999 ## - SİSTEM KONTROL NUMARALARI (KOHA)
Koha Biblionumber 7880
Koha Biblioitemnumber 7880
657 ## - INDEX SÜRE - İŞLEVİ
-- CHP parti içi eğitimi
Holdings
Kalıcı Konum Mevcut Konum Edinme Tarihi Edinim Kaynak Toplam Check-Out'Lar Tam Çağrı Numarası Barkod Tarih Son Görülme İtibaren Geçerli Fiyatlar Koha Öğesi Türü
CHP Kütüphanesi CHP Kütüphanesi 01/27/2017 Bağış   CHP 320.09 P53u 1997 013154 01/27/2017 01/27/2017 Books